• 首页
  • 本馆介绍
  • 公告通知
  • 最新文献
  • 馆藏检索
  • 电子资源
  • 读者导购
  • 参考咨询
  • 我的图书馆
  • 登录
  • 详细信息显示
  • 放入我的书架
  • 预约/预借图书
  • 作者相关作品
  • 分类相关作品
  • 丛书相关作品
  • 出版社相关作品

书目信息

  • 表格格式
  • 工作单格式
  • 卡片格式
题名:
天然药物化学实验指导
    
 
作者: 胡君萍 , 王晓梅 , 王新玲 主编
分册:  
出版信息: 北京   科学出版社  2016.03
页数: 138页
开本: 24cm
丛书名:
单 册:
中图分类: R284.33
科图分类:
主题词: 生药学--药物化学--化学实验--医学院校--教材
电子资源:
ISBN: 978-7-03-047735-4
000 00950nam0 2200253 450
001 328
005 20180922075403.70
010    @a978-7-03-047735-4@dCNY32.00
100    @a20160402d2016 em y0chiy50 ea
101 0  @achi
102    @aCN@b110000
105    @ay z 000yy
200 1  @a天然药物化学实验指导@9tian ran yao wu hua xue shi yan zhi dao@b专著@f胡君萍, 王晓梅, 王新玲主编
210    @a北京@c科学出版社@d2016.03
215    @a138页@d24cm
300    @a全国高等院校医学实验教学规划教材
330    @a本书分为两部分,第一部分介绍了天然药物化学基本操作、常用仪器装置等;第二部分介绍了16个代表性实验,着重讲述了天然药物活性成分提取分离和结构鉴定的原理和具体实验操作方法。
606 0  @a生药学@x药物化学@x化学实验@x医学院校@j教材
690    @aR284.33@v5
701  0 @a胡君萍@9hu jun ping@4主编
701  0 @a王晓梅@9wang xiao mei@4主编
701  0 @a王新玲@9wang xin ling@4主编
801  0 @aCN@b91MARC@c20160613
905    @aMuseLib@dR284.33@e425
    
    天然药物化学实验指导/胡君萍, 王晓梅, 王新玲主编.-北京:科学出版社,2016.03
    138页;24cm
    全国高等院校医学实验教学规划教材
    
    ISBN 978-7-03-047735-4:CNY32.00
    本书分为两部分,第一部分介绍了天然药物化学基本操作、常用仪器装置等;第二部分介绍了16个代表性实验,着重讲述了天然药物活性成分提取分离和结构鉴定的原理和具体实验操作方法。
●
相关链接 在E读中查询图书 在五车中查询图书 在当当中查询图书 在豆瓣中查询图书


正题名:天然药物化学实验指导     索取号:R284.33/425         预约/预借

序号 登录号 条形码 馆藏地/架位号 状态 备注
1 1119364   211193643   第二样本阅览室/ [索取号:R284.33/425] 在馆    
2 1119365   211193652   密集书库-生命科学系/ [索取号:R284.33/425] 在馆    
3 1119366   211193661   第三借阅区/ [索取号:R284.33/425] 在馆    
4 1119367   211193670   第三借阅区/ [索取号:R284.33/425] 在馆    
5 1119368   211193689   第三借阅区/ [索取号:R284.33/425] 在馆    
唐山师范学院图书馆 欢迎您!
大连网信软件有限公司© 版权所有